03421nam a2200493Ia 450000500170000000800410001702000180005804000350007604100080011108200190011910000440013824501000018225000230028226400260030530000370033133600270036833700330039533800280042849000590045650000460051565000380056165000370059965000360063665000230067265000350069594200120073099900150074295201320075795201290088995201340101895201330115295201330128595201330141895201320155195201320168395201310181595201300194695201350207695201390221195201320235095201780248295201330266095201340279320220317001951.0200115s2019 ck 000 0 spa d a9789587718515 aCO-BoRNBPbspaerdacCO-BoRNBP aspa04a658.404 bM25f1 aMéndez Lozano, Rafael Armandoeautor 10aFormulación y evaluación de proyectos benfoque para emprendedores cRafael Méndez Lozano aEdición especial 1aBogotá bEcoec2019 a471 páginas bcuadros c 28 cm 2rdacontentatextobtxt 2rdamediaasin mediaciónbn 2rdacarrieravolumenbnc0 aPlan Nacional de Lectura y Escritura Leer es mi Cuento aIncluye glosario e índice analítico. 17aAdministración financiera2LEMB17aElaboración de proyectos2LEMB17aEvaluación de proyectos2LEMB17aInversiones 2LEMB17aProyectos de inversión2LEMB 2ddccBK c8728d8728 00102ddc40708GENaMEDORADObMEDORADOcGENd2023-01-10l0o658.404 M25fpDOR00644r2023-01-10 00:00:00tEj.1w2023-01-10yBK 00102ddc40708GENaMEMAPIRIbMEMAPIRIcGENd2023-03-10o658.404 M25fpMAP00002r2023-03-10 00:00:00tEj.1w2023-03-10yBK 00102ddc40708GENaMEGUAMALbMEGUAMALcGENd2023-03-24l0o658.404 M25fpGUA002721r2023-03-24 00:00:00tEj.1w2023-03-24yBK 00102ddc40708GENaMEFTEORObMEFTEOROcGENd2023-05-23l0o658.404 M25fpFo0000809r2023-05-23 00:00:00tEj.1w2023-05-23yBK 00102ddc40708GENaMEMACAREbMEMACAREcGENd2023-07-17l0o658.404 M25fpLM00280r2023-07-17 14:32:25tEj.1w2023-07-17yBK 00102ddc40708GENaMECUBARRbMECUBARRcGENd2023-08-11l0o658.404 M25f pCUB02792r2023-08-11 15:27:55tEj.1w2023-08-11yBK 00102ddc40708GENaMESMARTIbMESMARTIcGENd2023-08-14l0o658.404 M25fpSM001609r2023-08-14 19:26:31tEj.1w2023-08-14yBK 00102ddc40708GENaMELEJANIbMELEJANIcGENd2023-09-04l0o658.404 M25fpLEJ00704r2023-09-04 20:10:42tEj.1w2023-09-04yBK 00102ddc40708GENaMECUMARAbMECUMARAcLITd2024-06-18l0o658.404M25fpCUM00585r2024-06-18 09:17:29tEj.1w2024-06-18yBK 00102ddc40708GENaMEURIBEbMEURIBEcGENd2024-08-09l0o658.404 M25fpURI00834r2024-08-09 11:57:06tEj.1w2024-08-09yBK 00102ddc40708GENaMECASARIbMECASARIcGENd2024-11-10l0o658.404 M25fpBM0001495r2024-11-10 09:59:06tEj.1w2024-11-10yBK 001040708001aMEVIGERRbMEVIGERRcGENd2021-05-11o658.404 M25fpECA27890r2024-11-26 09:28:33tEj.1w2024-11-26yBKz20835 | 26855 00102ddc40708GENaMESGUARObMESGUAROcGENd2025-06-04l0o658.404 M25fpSG03211r2025-06-04 15:22:06tEj.1w2025-06-04yBK 00102ddc40708GENaMEMACYARIbMEMACYARIcGENd2025-06-12eministerio de culturaf9789587718515l0o658.404 M25fp9789587718515r2025-07-15 09:21:58tEj.1w2025-07-15yBK 00102ddc40708GENaMEPLOPEZbMEPLOPEZcGENd2025-07-22l0o658.404 M25fpPLZ02507r2025-07-22 12:12:01tEj.1w2025-07-22yBK 00102lcc40708GENaMEPCONCObMEPCONCOcGENd2026-02-19l0o658.404 M25fpPCON02078r2026-02-19 22:19:05tEj.1w2026-02-19yBK